Ron Popeil Inventions Quiz - Statistics

General Stats
  • This quiz has been taken 3 times
  • The average score is 4 of 8
Answer Stats
Hint Answer % Correct
Quickly cover up that bald spot Hair in a Can Spray
100%
"Set it, and forget it!" Showtime Rotisserie
100%
Now you can have jerky every day of the week! Electric Food Dehydrator
50%
It's for giving, not using. Also the name of his boat Popeil Pocket Fisherman
50%
Smokers take note Smokeless Ashtray
50%
Makes an Italian food as well as sausage Automatic Pasta Maker
0%
"inspiration for this product was his lifelong revulsion toward incompletely blended scrambled eggs" Inside-The-Shell Egg Scrambler
0%
"the greatest kitchen appliance ever made. . . ." Veg-O-Matic
0%
No matching quizzes found
Score Distribution
Percent of People with Each Score
Percentile by Number Answered
Your Score History
You have not taken this quiz